000 00515nam a2200181Ia 4500
008 151018s9999 xx 000 0 und d
082 _bRBASDV25222
_a914.919
100 _aनलिनी शहा
245 _aयात्रा
250 _b1
260 _bसुरस प्रकाशन पंजाब
_c1994
300 _a256
600 _aनलिनी शहा
630 _aयात्रा
700 _aनलिनी शहा
730 _aयात्रा
942 _cBOOK
999 _c1024845
_d1024842